000 01043njm a2200253 i 4500
001 4722
003 ES-MaACL
005 20240621063012.0
007 s|r|||||||||||
008 070809s1974 sp ||| g ||||||||1|nfre d
100 1 _aIonesco, Eugène,
_d1909-1994
_965378
245 1 0 _aA quoi bon la culture
_h[Grabación sonora]
_b: conferencia inaugural del curso 1974-75 del Ateneo de Madrid /
_cintervienen Eugène Ionesco, Carmen Llorca.
260 _aMadrid :
_bAteneo de Madrid,
_c1974.
300 _a1 disco (CD-DA) (1 h. 25 min.) ;
_c12 cm.
500 _aDatos basados en la invitación.
518 _aActo organizado por el Ateneo de Madrid, grabado el viernes 4 de octubre de 1974.
610 2 4 _aAteneo de Madrid-
_xActos culturales-
_y1974-
_vGrabaciones sonoras.
_91884
610 2 4 _aAteneo de Madrid-
_vDiscursos de apertura-
_yS.XX.
_91913
700 1 _aLlorca, Carmen,
_d1921-1998
_9181902
710 2 _aAteneo de Madrid.
_91875
852 _aES-MaACL
_jROT 3/4/9
_94839
_cROT
942 _2udc
999 _c4722
_d4722